愛知県にある漢字4文字の駅 - Statistics

General Stats
  • This quiz has been taken 32 times
  • The average score is 50 of 75
Answer Stats
Hint Answer % Correct
犬山市 犬山遊園
93%
豊川市 豊川稲荷
93%
一宮市 尾張一宮
90%
名古屋市 上小田井
90%
蟹江町 近鉄蟹江
90%
弥富市 近鉄弥富
90%
名古屋市 名古屋港
90%
安城市 三河安城
90%
一宮市 名鉄一宮
90%
清須市 下小田井
86%
武豊町 知多武豊
86%
半田市 知多半田
86%
名古屋市 中小田井
86%
豊田市 三河豊田
86%
瀬戸市 尾張瀬戸
83%
西尾市 吉良吉田
83%
知立市 三河知立
83%
名古屋市 近鉄八田
79%
名古屋市 中村公園
79%
名古屋市 中村日赤
79%
名古屋市 名古屋城
79%
名古屋市 東枇杷島
79%
蒲郡市 三河塩津
79%
田原市 三河田原
79%
名古屋市 名城公園
79%
名古屋市 八事日赤
79%
清須市 西枇杷島
76%
刈谷市 野田新町
76%
高浜市 三河高浜
76%
蒲郡市 三河三谷
76%
豊川市 名電赤坂
76%
岡崎市 名電山中
76%
一宮市 新木曽川
72%
碧南市 碧南中央
72%
蒲郡市 三河大塚
72%
豊川市 名電長沢
72%
豊田市 愛環梅坪
69%
豊川市 愛知御津
69%
豊川市 西小坂井
69%
名古屋市 久屋大通
69%
美浜町 美浜緑苑
69%
名古屋市 大須観音
66%
東海市 新日鉄前
66%
東海市 高横須賀
66%
美浜町 知多奥田
66%
名古屋市 東山公園
66%
東海市 南加木屋
62%
扶桑町 木津用水
59%
名古屋市 志賀本通
59%
名古屋市 豊田本町
59%
西尾市 三河鳥羽
59%
西尾市 上横須賀
55%
豊川市 三河一宮
55%
新城市 三河大野
55%
豊田市 三河八橋
55%
蒲郡市 三河鹿島
52%
東浦町 尾張森岡
48%
一宮市 木曽川堤
48%
安城市 碧海古井
48%
安城市 堀内公園
48%
豊田市 三河上郷
48%
名古屋市 港区役所
48%
岡崎市 北野桝塚
45%
豊田市 新上挙母
45%
新城市 三河川合
41%
新城市 三河東郷
41%
新城市 湯谷温泉
41%
豊橋市 市役所前
38%
新城市 三河槙原
38%
名古屋市 小幡緑地
34%
豊橋市 競輪場前
34%
東海市 八幡新田
34%
豊橋市 東田坂上
31%
豊橋市 駅前大通
28%
名古屋市 白沢渓谷
28%
No matching quizzes found
Score Distribution
Percent of People with Each Score
Percentile by Number Answered
Your Score History
You have not taken this quiz